Monuments d'Asie - Statistiques

Statistiques générales
  • Ce quiz a été pris 88 fois
  • Le résultat moyen est 5 sur 16
Statistiques - réponses
Par images Hint Réponse % Correct
Grande Muraille
98%
Taj Mahal
98%
Cité Interdite
74%
Pétra
73%
Angkor Vat
61%
Mur des Lamentations
53%
(!nom de l'ancienne ville) Babylone
24%
Kaaba
14%
Palais de Potala
14%
(Nom de l'ancienne ville) Persépolis
13%
Temple de Borobudur
9%
Château d'Osaka
8%
Hatra
3%
Bouddha de Tian Tan
1%
Temple de Sûrya
1%
Grand Bouddha de Thaïlande
0%
Aucun quiz correspondant
Distribution des résultats
% des personnes avec chaque résultat
Percentile par nombre de réponses
Votre historique - résultats
Vous n’avez pas pris ce quiz